Christian Boltanski: la vida posible de un artista
Tallennettuna:
| Päätekijät: | , |
|---|---|
| Aineistotyyppi: | Kirja |
| Kieli: | espanja |
| Julkaistu: |
Buenos Aires
Ediciones de la Flor
2011
|
| Painos: | 1a. ed |
| Aiheet: | |
| Tagit: |
Lisää tagi
Ei tageja, Lisää ensimmäinen tagi!
|
MARC
| LEADER | 00000cam a2200000 a 4500 | ||
|---|---|---|---|
| 001 | UCF8202 | ||
| 003 | CL-VaPUC | ||
| 008 | 130802e20110000ag |||||||||||||||||spa|d | ||
| 020 | |a 9789505159024 | ||
| 082 | 0 | 4 | |a 730.92 |b BOL |2 21 |
| 100 | 0 | |a Boltanski, Christian |e author |9 570292 | |
| 700 | |a Grenier, Catherine |e author |9 598905 | ||
| 245 | 1 | 0 | |a Christian Boltanski: la vida posible de un artista |
| 250 | |a 1a. ed | ||
| 300 | |a 224 p | ||
| 942 | |c BK | ||
| 945 | |d 20130802 12:08:00 |a dcastane | ||
| 260 | |a Buenos Aires |b Ediciones de la Flor |c 2011 | ||
| 650 | 7 | |a ESCULTORES FRANCESES |2 CL-VaPUC |9 265297 | |
| 650 | 0 | |a Entrevistas |9 265537 | |
| 650 | 0 | |a Biografías |9 255210 | |
| 650 | 0 | |a Periodismo |9 310113 | |
| 583 | |a last modification |c 20130802 12:08:00 |k Rodrigo Vera | ||
| 999 | |c 352837 |d 352835 | ||
| 952 | |0 0 |1 0 |4 0 |6 730_920000000000000_BOL_2011 |7 0 |8 R |9 457553 |a BIBART |b BIBART |d 2019-11-22 |i 4994191 |o 730.92 BOL 2011 |p 4994191 |r 2025-03-13 |w 2019-11-22 |y BK_R |k ART | ||